[Event "SA Championship"]
[Site "Adelaide"]
[Date "2006.03.20"]
[Round "1.1"]
[White "Goldsmith, Alan D"]
[Black "Riches, L John"]
[Result "1-0"]
[Annotator "Fritz 9"]
[BlackElo "1939"]
[EventCountry "AUS"]
[EventDate "2006.02.14"]
[EventRounds "9"]
[EventType "tourn"]
[PlyCount "123"]
[WhiteElo "2059"]

{ B10: Caro-Kann: 2 d3 and 2 c4 } 1. e4 c6 2. Nf3 d5 3. e5 Bf5 4. Nh4 ( 4. Nc3
e6 5. Bd3 Bxd3 6. cxd3 f6 7. O-O Nd7 8. exf6 Ngxf6 9. d4 c5 10. Re1 Qe7 11. Qa4
c4 12. b3 cxb3 13. axb3 a6 14. Ba3 Qf7 15. Ng5 Qh5 16. Rxe6+ Kd8 17. Be7+ Bxe7
18. Qa5+ b6 { Varela Olmedo,G-Millan Soto,M/Ferrol 2002/CBM 089 ext/0-1  ( 37
)}  )4... Bd7 5. d4 c5 $146 ( 5... e6 6. Nf3 c5 7. c3 cxd4 8. cxd4 Bb4+ 9. Nc3
Ne7 10. Bd3 h6 11. O-O Nbc6 12. a3 Ba5 13. Bf4 Bb6 14. Nb5 Nc8 15. Bc2 a6 16.
Nc3 N8e7 17. Be3 Rc8 18. Nh4 Na5 19. Qg4 g5 20. Nf3 { Jentsch,D  ( 2291 )
-Reer,E  ( 2141 ) /Dresden 2001/CBM 084 ext/1-0  ( 63 )}  )6. c3 ( 6. Nf3 cxd4
7. Bd3 Nc6 $14 )6... Nc6 $11 7. f4 ( 7. Be2 $5 $11)7... e6 { Covers f5}  8. Nf3
cxd4 ( 8... Nh6 9. Be3 Nf5 10. Bf2 cxd4 11. Qd2 $15 )9. Bd3 ( 9. Nxd4 Qb6 10.
a4 Nh6 $11 )9... dxc3 ( 9... Qb6 10. Qe2 $17 )10. bxc3 ( 10. Nxc3 Bc5 $15
)10... Bc5 $17 11. Qe2 Nge7 12. Nbd2 a6 ( 12... Na5 13. Nb3 Nxb3 14. axb3 $17
)13. Nb3 $15 { White threatens to win material: Nb3xc5}  13... Ba7 14. Ba3 (
14. Be3 Bxe3 15. Qxe3 Rc8 $15 )14... b5 { White has an active position}  15.
Rd1 Qc8 { Black has a cramped position}  ( 15... Rc8 16. Bd6 $15 )16. Ng5 Nf5
17. Bxf5 exf5 18. Rxd5 { Black has the pair of bishops}  ( 18. Rd2 Be6 $11
)18... h6 $15 { Black threatens to win material: h6xg5}  19. Qh5 { White has a
mate threat}  19... g6 { Black threatens to win material: g6xh5}  ( 19... Nd8
$5 $142 { is interesting}  20. Qh3 Rg8 $15 )20. Qh4 $14 b4 $4 ( 20... Be6 21.
Rd2 b4 22. cxb4 Bxb3 23. axb3 Nd8 24. Nxf7 Nxf7 $18 )21. Nxf7 $1 $18 {
Demolishes the pawn shield}  ( 21. cxb4 $6 { is much weaker}  21... Nxb4 {
Theme: Clearance for c8-c4}  22. Bxb4 Qc4 23. Nxf7 Qe4+ 24. Kf1 Qc4+ 25. Ke1
Qe4+ ( 25... Qxb4+ $143 26. Kd1 Rh7 27. Nd6+ Kf8 28. Re1 $16 )26. Kf1 Qc4+ 27.
Ke1 Qe4+ ( 27... Qxb4+ $143 28. Kd1 Rh7 29. Nd6+ Kf8 30. e6 $16 )28. Kf1 $11 )(
21. Bxb4 $4 { a terrible mistake}  21... Nxb4 22. cxb4 Qc3+ 23. Rd2 Be3 $19
)21... g5 ( 21... Kxf7 { Decoy theme: f7}  22. Qf6+ )22. Nd6+ ( 22. Qh5 bxa3
23. Nxh8+ Ke7 24. Qf7+ Kd8 $18 )22... Kd8 ( 22... Kf8 23. fxg5 Qd8 24. Nxf5
Qxg5 25. Bxb4+ Nxb4 26. Qxb4+ ( 26. cxb4 $143 Bxf5 ( 26... Qxf5 $4 27. Rf1
Qxf1+ 28. Kxf1 $18 ) 27. Qxg5 hxg5 $15 )26... Kg8 27. Rxd7 Bf2+ 28. Ke2 ( 28.
Kxf2 $6 Qxf5+ 29. Kg3 Qxd7 $18 )28... Qxf5 29. Qc4+ Kf8 30. Rhd1 $18 )23. fxg5
Qb8 24. Nf7+ Kc8 25. Nxh8 Nxe5 ( 25... bxa3 { doesn't change anything anymore} 
26. gxh6 Be6 27. h7 $18 )26. Bxb4 Ng4 ( 26... Be6 { does not solve anything} 
27. Bd6 Bxd5 28. Bxb8 Rxb8 $18 )27. Bc5 ( 27. Ng6 $142 { and White wins}  27...
Bf2+ 28. Qxf2 Nxf2 29. Ne7+ Kd8 30. Nc6+ Ke8 31. Nxb8 $18 ( 31. Kxf2 $2 { is
not as innocent as it looks}  31... Qf4+ 32. Ke1 Bxc6 $19 ))27... Qf4 28. Bxa7
Qe4+ 29. Kd1 ( 29. Be3 $142 { and White can already relax}  29... Qxd5 30. Qg3
$18 )29... Ne3+ $4 { gives the opponent new chances}  ( 29... Qxd5+ $142 { is
just about the only chance}  30. Bd4 Qxg2 31. gxh6 Qxa2 $11 )30. Bxe3 $18 Qxh4
31. Rd4 ( 31. Rc5+ { makes it even easier for White}  31... Kb8 32. Ng6 Qg4+
33. Kc1 Ra7 $18 )31... Qh5+ 32. g4 fxg4 33. Rc4+ Kd8 ( 33... Kb8 { doesn't get
the bull off the ice}  34. Bf4+ Ka7 35. Rc7+ Kb6 36. Rxd7 hxg5 37. Bc7+ Kc6 38.
Rf7 Qxh8 39. Na5+ Kb5 40. Kc2 $18 )34. Re1 Rb8 35. gxh6 ( 35. Kc1 Rb5 36. Bf4
hxg5 37. Bc7+ Kc8 38. Bd6+ Kb7 $18 )35... g3+ 36. Kc1 ( 36. Kc2 $142 { keeps an
even firmer grip}  36... Be6 37. Rd4+ Ke7 38. hxg3 Rxh8 39. Bd2 Qg6+ 40. Kb2
$18 )36... Be6 ( 36... gxh2 37. Nf7+ Ke7 $18 )37. Rc5 Bf5 ( 37... Qh3 { doesn't
get the cat off the tree}  38. hxg3 Qxg3 39. Bg5+ Kd7 40. Rd1+ Ke8 $18 )38.
Rd1+ ( 38. hxg3 $142 { and White wins}  38... Rb5 39. g4 Rxc5 40. gxh5 ( 40.
gxf5 $6 { is impossible}  40... Rxc3+ 41. Kd2 Rxe3 42. Rxe3 Qxf5 $16 )40...
Rxc3+ 41. Kb2 Rc2+ 42. Ka3 $18 )38... Qxd1+ 39. Kxd1 gxh2 40. Bg5+ $4 { spoils
everything}  ( 40. Nf7+ $142 { and the rest is a matter of technique}  40...
Ke7 41. Rxf5 h1=Q+ 42. Ke2 $18 )40... Kd7 $14 41. Rc7+ ( { Weaker is } 41. Rxf5
h1=Q+ 42. Kd2 Rxh8 $15 )41... Kxc7 42. Bf4+ Kb6 43. Bxh2 Rxh8 44. Bf4 Be6 { The
idea is Bf5-e6-g8-h7}  45. Be3+ Kc6 46. Nd4+ { White forks: c6+e6}  46... Kd5
47. Kd2 ( 47. Nxe6 Kxe6 48. Kc2 Kf5 $16 )47... Bg8 48. Bg5 Bh7 { The bishop
blocks h6}  49. Nc2 ( 49. Nf3 $11)49... Kc4 ( 49... Rg8 $142 { and Black is
still in the game}  50. Ne3+ Ke6 $15 )50. Ne3+ $14 Kb5 51. c4+ Kb4 ( 51... Kc5
52. Kc3 $16 )52. Be7+ $16 Ka5 53. Nd5 ( 53. Kc3 Bb1 54. Bg5 $16 )53... Re8 $2 (
53... Bg8 54. Bg5 Bxd5 55. cxd5 Kb5 $16 )54. Bb4+ ( 54. Kc3 $5 Ka4 $18 )54...
Ka4 $16 55. Kc3 Re6 56. Bf8 Bg8 57. Kd4 Re8 ( 57... Rg6 58. Nc3+ Ka5 59. c5 $18
)58. Bd6 Re6 $4 { a blunder in a bad position}  ( 58... Rd8 $142 59. Nb6+ Ka5
$18 )59. Nc3+ Ka5 60. Kc5 Rxd6 { Clearance to allow g8-c4}  61. Kxd6 { Theme:
Deflection from b4}  61... Kb4 ( 61... Bh7 { hardly improves anything}  62. Nd5
Bf5 63. c5 Bg6 64. c6 Ka4 65. c7 Bh7 66. c8=Q Ka3 67. Qb7 Kxa2 68. Qb4 Ka1 69.
Nc3 a5 70. Qa3# )62. Nd5+ ( 62. Nd5+ Ka3 63. c5 Kb2 64. c6 Be6 65. Kxe6 Kc1 66.
c7 Kc2 67. c8=Q+ Kd2 68. Qc3+ Ke2 69. Nf4+ Kf2 70. h7 a5 71. a4 Kf1 72. Qf3+
Ke1 73. Qe2# ) 1-0

[Event "SA Championship"]
[Site "Adelaide"]
[Date "2006.02.14"]
[Round "1.2"]
[White "Juszczynski, Mathew"]
[Black "Obst, James"]
[Result "0-1"]
[Annotator "Fritz 9"]
[BlackElo "2054"]
[EventCountry "AUS"]
[EventDate "2006.02.14"]
[EventRounds "9"]
[EventType "tourn"]
[PlyCount "54"]
[WhiteElo "1790"]

{ E07: Closed Catalan: Main Line  ( 5 Nf3 0-0 6 0-0 Nbd7 ) } 1. c4 Nf6 2. Nc3 e6
3. g3 d5 4. d4 Be7 5. Nf3 O-O 6. Bg2 dxc4 7. O-O Nbd7 8. e4 c5 9. d5 ( 9. Bf4
cxd4 10. Qxd4 e5 11. Nxe5 Nxe5 12. Qxe5 Be6 13. Nd5 Nd7 14. Nxe7+ Qxe7 15. Qc7
Qc5 16. Qxb7 Rfb8 17. Bxb8 Rxb8 18. Qa6 Rxb2 19. Rad1 c3 20. Rd6 Rxf2 21. Rc6
Rxf1+ 22. Kxf1 Qd4 23. Qc8+ Nf8 { Nguyen Anh Dung  ( 2484 ) -Csom,I  ( 2472 )
/Budapest 1999/CBM 073 ext/0-1}  )9... exd5 ( 9... Nb6 10. d6 Qxd6 11. Qxd6
Bxd6 12. e5 Be7 13. exf6 Bxf6 14. Be3 Be7 15. Rfd1 f6 16. a4 a5 17. Ne4 Nd7 18.
Bf1 f5 19. Nd6 { 1-0 Matnadze,A  ( 2376 ) -Navarro,R  ( 2241 ) /Linares
2005/CBM 105 ext}  )10. e5 d4 $146 { Black wins space.}  ( 10... Ne8 11. Qxd5
Nb6 12. Qe4 Qd3 13. Rd1 Qxe4 14. Nxe4 Bf5 15. Nd6 Nxd6 16. exd6 Bf6 17. a4 Nxa4
18. g4 Bc2 19. Rd2 Bb3 20. g5 Bd8 21. Re2 Ba5 22. Ne5 c3 23. Bxb7 Rad8 24. Nc6
Rxd6 25. Nxa5 { Khegai,A  ( 2239 ) -Pourkashiyan,A  ( 2217 ) /Mallorca 2004/CBM
102 ext/0-1  ( 59 )}  )( 10... Ng4 11. Qxd5 Nb6 12. Qe4 Qd3 ( 12... f5 13. Qe2
Qd3 14. h3 Qxe2 15. Nxe2 Nh6 16. Bxh6 gxh6 17. Nd2 Bg5 18. Nxc4 Nxc4 19. Bd5+
Kh8 20. Bxc4 b5 21. Bd5 Rb8 22. h4 Be7 23. Nf4 Rb6 24. Rfe1 c4 25. Rad1 Bb4 26.
Re2 Be7 27. Bf3 { Misanovic,V  ( 2384 ) -Lematschko,T  ( 2290 ) /Batumi
1999/CBM 073 ext/1-0  ( 59 )}  )13. Qe1 Qg6 14. h3 Nh6 15. a4 Be6 16. a5 Nd5
17. Nh4 Bxh4 18. Nxd5 Bxd5 19. Bxd5 Rae8 20. Bxb7 Nf5 21. Bf4 Bg5 22. Qe4 Bxf4
23. Qxf4 Nd4 24. Kh2 Re7 25. Bg2 { Dankert,P  ( 2365 ) -Saacke,B  ( 2355 )
/Germany 1981/GER-chT/0-1  ( 42 )}  )( 10... Ne4 11. Nxd5 f5 12. exf6 Bxf6 13.
Qe2 $11 )11. exf6 Nxf6 { White wins a piece}  ( { Instead of } 11... Bxf6 12.
Nd5 $16 )12. Nb5 Be6 { Black has an active position}  13. Ne5 Nd7 { Black
threatens to win material: Nd7xe5}  14. Bf4 g5 15. Nxd7 $4 { weakening the
position}  ( 15. Bxb7 $142 { would keep White in the game}  15... Qb6 16. Bxa8
Rxa8 17. Qf3 $11 )15... Qxd7 $19 16. Be5 $2 ( 16. Nc7 $142 gxf4 17. Nxa8 fxg3
18. hxg3 Rxa8 19. Re1 $19 )16... Qxb5 17. Qh5 ( 17. Qf3 Qxb2 18. Rab1 Qxa2 19.
Rxb7 Bd8 $19 )17... f6 ( 17... Qxb2 18. Be4 f5 19. Rab1 fxe4 20. Rxb2 $18 )18.
Be4 ( 18. Bc7 { is still a small chance}  18... Qd7 19. Qe2 $19 )18... Rf7 19.
f4 fxe5 20. fxg5 Qe8 ( 20... Rg7 $142 { finishes off the opponent}  21. g6 hxg6
22. Qxe5 $19 )21. g6 Rg7 22. gxh7+ ( 22. Qxe5 { cannot undo what has already
been done}  22... Qd7 ( 22... Rxg6 $6 { is clearly worse}  23. Rae1 $19 )23.
gxh7+ Kh8 $19 )22... Kh8 23. Qxe5 Bh3 24. Rf2 ( 24. Rfe1 { there is nothing
else anyway}  24... Rd8 25. Bf5 $19 )24... Bg5 25. Qxe8+ ( 25. Rf5 { is not
much help}  25... Bxf5 26. Qxf5 Rf7 $19 )25... Rxe8 26. Bf5 ( 26. Bg2 { does
not win a prize}  26... Be3 27. Kh1 Bxf2 28. Bxh3 d3 $19 )26... Be3 27. Bxh3
Rf8 ( 27... Rf8 28. Kh1 Rxf2 $19 ) 0-1

[Event "SA Championship"]
[Site "Adelaide"]
[Date "2006.02.14"]
[Round "1.3"]
[White "Mdinaradze, Edgar"]
[Black "Guthrie, Aaron"]
[Result "0-1"]
[Annotator "Fritz 9"]
[BlackElo "2120"]
[EventCountry "AUS"]
[EventDate "2006.02.14"]
[EventRounds "9"]
[EventType "tourn"]
[PlyCount "52"]
[WhiteElo "1915"]

{ D24: Queen's Gambit Accepted: 3 Nf3 Nf6 4 Nc3 } 1. d4 d5 2. c4 dxc4 3. Nf3 Nf6
4. Nc3 a6 5. a4 Nc6 6. a5 Bg4 $146 ( 6... b6 7. axb6 cxb6 8. Qa4 Bb7 9. Qxc4 b5
10. Qd3 Nb4 11. Qd1 Rc8 12. Bg5 Ne4 13. Bd2 e6 14. e3 Bd6 15. Be2 g5 16. O-O
Nxd2 17. Nxd2 g4 18. Nde4 f5 19. Nxd6+ Qxd6 20. Rc1 Ke7 21. f3 {
Letov,A-Kalichkin,I  ( 2425 ) /Perm 1997/CBM 058/1-0  ( 50 )}  )( 6... e6 7. e4
( 7. Qa4 Bd7 8. Qxc4 Bb4 9. g3 Qe7 10. Bg2 Nxa5 11. Qa2 Bc6 12. O-O O-O 13. Bg5
h6 14. Bxf6 Qxf6 15. e4 Bxc3 16. bxc3 Bxe4 17. Ne5 Bxg2 { 1/2-1/2 Pomar
Salamanca,A  ( 2460 ) -Johannsson,I/Munich 1958/MCD}  )7... Bb4 8. Bg5 h6 9.
Bxf6 Qxf6 10. Bxc4 O-O 11. O-O Rd8 12. e5 Qe7 13. Qd3 Bxa5 14. Qe4 Bb6 15. Bd3
g6 16. d5 exd5 17. Nxd5 Qf8 18. Bc4 Bf5 19. Qf4 Be6 20. Rad1 Kh8 21. h4 {
Thorfinnsson,B  ( 2373 ) -Postny,E  ( 2499 ) /Budapest 2003/CBM 095 ext/1/2-1/2
 ( 32 )}  )( 6... Bf5 7. e3 Nb4 8. Qa4+ Nc6 9. Bxc4 e6 10. Ne5 Qd6 11. b3 Qb4
12. Nxc6 Qxa4 13. Nxa4 bxc6 14. Ba3 Be4 15. Bxf8 Kxf8 16. f3 Bd5 17. Bd3 Nd7
18. Rb1 e5 19. e4 Be6 20. dxe5 Nxe5 21. Be2 { Vapnichnaya,R-Konshina,O/Soviet
Union 1967/MCD/1-0  ( 38 )}  )( 6... e5 7. d5 Nb4 8. e4 $15 )7. e3 ( 7. d5 $5
$142 { and White hangs on}  7... Na7 8. Ne5 $14 )7... e5 8. Be2 ( 8. Bxc4 $5 e4
9. h3 exf3 10. hxg4 fxg2 11. Rg1 $15 )8... exd4 $17 9. exd4 Bb4 10. Bg5 h6 11.
Be3 O-O 12. O-O Qd6 13. Bxc4 Nxa5 14. Ba2 Rad8 ( 14... Nc6 15. Qd3 $19 )15. Qc2
( 15. h3 Bh5 16. g4 Bg6 $17 )15... Nc6 ( 15... Bxf3 16. gxf3 Nc6 17. Rfd1 $17
)16. Rad1 ( 16. Ne4 $5 Qe7 17. Ne5 Nxe5 18. dxe5 $17 )16... Qd7 $19 17. Bb1
Rfe8 18. Ne2 Bd6 19. Qb3 ( 19. Rfe1 a5 $19 )19... Bxf3 20. gxf3 Qh3 21. Ng3 Nb4
( 21... Na5 $5 $142 { seems even better}  22. Qd3 Re4 23. Qxe4 Nxe4 24. fxe4
$19 )22. Bf5 Qh4 23. Kg2 Nbd5 24. Rfe1 Nh5 ( 24... a5 $19 $142)25. Rg1 $4 {
terrible, but the game is lost in any case}  ( 25. Qxd5 $142 Rxe3 { Demolition
of pawn structure}  26. Qxb7 Rxe1 27. Rxe1 $19 )25... Nxe3+ 26. fxe3 Nxg3 (
26... Nxg3 27. Bh3 Nh5 $19 )( 26... Bxg3 $5 $142 { might be the shorter path} 
27. Kf1 Qxh2 28. Qc2 Rxe3 29. Bh7+ Kh8 30. Qxh2 Bxh2 31. Be4 Bxg1 32. Kxg1 $19
) 0-1

[Event "SA Championship"]
[Site "Adelaide"]
[Date "2006.02.14"]
[Round "1.4"]
[White "Cowley, Robert G"]
[Black "Tao, Trevor"]
[Result "0-1"]
[Annotator "Fritz 9"]
[BlackElo "2418"]
[EventCountry "AUS"]
[EventDate "2006.02.14"]
[EventRounds "9"]
[EventType "tourn"]
[PlyCount "88"]
[WhiteElo "2091"]

{ B06: Modern Defence } 1. e4 c6 2. d4 g6 3. Nc3 d6 4. Be3 Bg7 5. Qd2 Qc7 6. f4
b5 $146 ( 6... Nf6 7. Nf3 b5 8. Bd3 a6 9. e5 Ng4 10. Bg1 O-O 11. h3 Nh6 12. Bf2
Nd7 13. O-O Nb6 14. a4 Be6 15. Ng5 Bd7 16. a5 Nd5 17. Nxd5 cxd5 18. Rae1 e6 19.
Nf3 Nf5 20. g4 Ne7 21. exd6 { Rahls,P  ( 2308 ) -Meszaros,I  ( 2224 ) /Dresden
2001/CBM 084 ext/1-0  ( 54 )}  )( 6... Nd7 7. Nf3 Nb6 ( 7... e5 8. O-O-O b5 9.
dxe5 b4 10. Na4 Qa5 11. b3 dxe5 12. fxe5 Nxe5 13. Bb6 Bh6 14. Bxa5 Nxf3 15.
Qxh6 { 1-0 Rahls,P  ( 2215 ) -Haberscheidt,T/Berlin 1996/CBM 054 ext}  )8. Bd3
Nf6 9. a4 Ng4 10. a5 Nd7 11. e5 Nxe3 12. Qxe3 O-O 13. O-O f5 14. Ng5 Nb8 15.
Qh3 h5 16. Qg3 Qd7 17. Nf3 Qe8 18. Nh4 Kh7 19. Rae1 Qf7 20. exd6 Bxd4+ 21. Kh1
{ Garnier Salvi,V-Lakat,G  ( 1995 ) /Budapest 2003/CBM 092 ext/1-0  ( 51 )} 
)7. Bd3 Nd7 8. Nf3 b4 ( 8... Ngf6 9. O-O $14 )9. Ne2 Rb8 10. O-O Ngf6 { Black
should quickly conclude development.}  11. f5 ( 11. a3 b3 $16 )11... gxf5 $14
12. exf5 h6 { Secures g5}  13. Ng3 Nb6 14. h3 { White has an active position} 
( 14. a3 Nbd5 $11 )14... Nbd5 15. c4 bxc3 16. bxc3 c5 17. Bf2 ( 17. Ne4 $5
$11)17... c4 $17 18. Bc2 Qa5 { Black threatens to win material: Qa5xc3}  19.
Ne4 O-O 20. Rfb1 ( 20. Bh4 $5 $17 $142)20... Bxf5 $19 21. Nxf6+ Nxf6 22. Bxf5
Qxf5 23. Rb2 ( 23. Rf1 Rb7 $19 )23... Kh8 ( 23... Ne4 24. Qc2 $19 )24. Rab1
Qxb1+ 25. Rxb1 Rxb1+ 26. Kh2 Rfb8 27. Bh4 $2 ( 27. Qf4 $142 Kg8 28. d5 $19
)27... Nd5 28. Qe2 ( 28. Qc2 Ne3 29. Qa4 R8b2 $19 )28... R1b2 ( 28... R8b2 $5
$142 { makes it even easier for Black}  29. Qe4 e6 30. Bg3 $19 )29. Qxc4 Rxg2+
$1 { Demolition of pawn structure}  30. Kh1 ( 30. Kxg2 { Decoy to g2}  30...
Ne3+ { A double attack}  )30... e6 31. Qa6 $2 ( 31. Be1 $19)31... Rc2 32. Qxd6
( 32. c4 { does not help much}  32... Rb1+ 33. Ne1 Nf4 34. Qxa7 f5 $19 )32...
Rb1+ 33. Ng1 ( 33. Ne1 { doesn't do any good}  33... Rxc3 34. Bf2 Rxh3+ 35. Kg1
Rh5 $19 )33... Nxc3 34. Bf6 ( 34. d5 { praying for a miracle}  34... Ne2 35.
Bf2 exd5 36. Kg2 $19 )34... Bxf6 35. Qf8+ Kh7 36. Qxf7+ Bg7 37. Qxe6 Rf2 38.
Qe3 Rff1 ( 38... Rbb2 $142 { ends the debate}  39. Nf3 Rf1+ 40. Ng1 Rxg1+ 41.
Qxg1 Rb1 42. Qxb1+ Nxb1 $19 )39. Qxc3 Rxg1+ 40. Kh2 Rgc1 41. Qd3+ Kh8 42. Qe4 (
42. Qa3 { doesn't change the outcome of the game}  42... Rc2+ 43. Kg3 Rd1 $19
)42... Rb8 43. d5 ( 43. Kg3 $19 { desperation} )43... Rc3 ( 43... a5 $5 $142 {
seems even better}  44. d6 Rb2+ 45. Kg3 Rc3+ 46. Kf4 $19 )44. Qe2 ( 44. Kg1 {
is no salvation}  44... a5 45. Qg6 Rcc8 $19 )44... Rb2 ( 44... Rb2 45. Qxb2
Rxh3+ 46. Kxh3 Bxb2 $19 )( 44... Bd4 $142 { makes sure everything is clear} 
45. a4 Rg8 $19 ) 0-1

[Event "SA Championship"]
[Site "Adelaide"]
[Date "2006.02.14"]
[Round "1.5"]
[White "Stevens, Tristan"]
[Black "Zaric, Srboljub"]
[Result "0-1"]
[Annotator "Fritz 9"]
[BlackElo "2129"]
[EventCountry "AUS"]
[EventDate "2006.02.14"]
[EventRounds "9"]
[EventType "tourn"]
[PlyCount "81"]
[WhiteElo "1855"]

{ B21: Sicilian: 2 f4 and Morra Gambit } 1. e4 c5 2. d4 cxd4 3. c3 dxc3 4. Nxc3
Nc6 5. Nf3 d6 6. Bc4 e6 7. Bf4 a6 8. O-O Nf6 9. Qe2 Be7 10. Rfd1 Qc7 11. Rac1
O-O 12. e5 dxe5 13. Nxe5 Nxe5 ( 13... Bd6 14. Rxd6 Qxd6 15. Ng6 e5 16. Nxe5
Nxe5 17. Bxe5 Qe7 18. Nd5 Nxd5 19. Bxd5 Re8 20. f4 Be6 21. Rc7 Qb4 22. Be4 Rac8
23. Rxc8 Bxc8 24. h3 Qe7 25. Qd3 h6 26. Bd5 Be6 27. Kh2 f6 28. Bc3 { Horvath,T 
( 2280 ) -Csom,I  ( 2540 ) /Hungary 1974/MCD/0-1  ( 41 )}  )14. Bxe5 Qa5 {
Black has a cramped position}  15. Rd4 $146 ( 15. Bd3 g6 16. a3 Nd7 17. Bf4 Bf6
18. Ne4 Bg7 19. Bb1 e5 20. Bd2 Qb6 21. Bb4 f5 22. Nd6 a5 23. Ba2+ Kh8 24. Nc4
Qf6 25. Bxf8 Bxf8 26. Nxa5 Nc5 27. Rxc5 Bxc5 28. Qc4 Qf8 29. Qd5 Be7 {
Mueller,A-Tutschka,J/Bruchkoebel 1993/GER/1-0  ( 38 )}  )( 15. Bb3 b6 16. Na4
Nd7 17. Bc7 Qg5 18. Qf3 Ra7 19. Nxb6 Bb7 20. Qg3 Qxg3 21. hxg3 Nc5 22. Bc4 Bxg2
23. Nd7 Bf3 24. Nxf8 Bxd1 25. Bb6 Rb7 26. Bxc5 Bxc5 27. Nxe6 fxe6 28. Bxe6+ Kf8
29. Rxc5 Rxb2 { Marlier,G  ( 1709 ) -Geuquet,M  ( 1908 ) /Worriken Buetgenbach
2004/CBM 099 ext/0-1  ( 37 )}  )15... Rd8 16. Rf4 ( 16. Rxd8+ Qxd8 17. Rd1 Qa5
$11 )16... b6 { White has an active position}  ( 16... b5 $5 $142 17. Bb3 Bb7
$17 )17. Bb3 $11 Bd7 18. Bc2 { White has a very active position}  18... Rac8
19. a4 ( 19. Rb1 Qc5 20. b4 Qc6 $11 )19... b5 ( 19... Be8 20. Rb1 Nd7 21. Re4
$17 )20. Bxf6 Bxf6 ( 20... gxf6 $4 21. Qh5 f5 22. Rg4+ Kh8 23. Qxf7 $18 )21.
Qe4 $2 ( 21. Rxf6 gxf6 22. Qh5 $17 )21... bxa4 ( 21... b4 $5 22. Qxb4 Qg5 $19 (
22... Bxc3 $6 23. bxc3 Qxb4 24. Rxb4 $15 ))22. Qxh7+ $17 Kf8 23. Rd1 $2 ( 23.
Rf1 a3 24. Ne4 $19 )23... Bc6 24. Rf1 $2 ( 24. h3 a3 25. Rxf6 gxf6 26. Qh6+ Ke7
27. Ra1 $19 )24... Qg5 25. g3 Ke7 ( 25... a3 26. Ne4 Bxe4 27. Bxe4 axb2 28. h4
$19 )26. Ne4 $2 ( 26. Bxa4 Ba8 27. Rd1 Rxd1+ 28. Bxd1 Qe5 $19 )26... Qe5 (
26... Qd5 $142 { it becomes clear that Black will call all the shots}  27. Qh3
Bb5 28. Nxf6 gxf6 29. Bxa4 Rh8 $19 )27. Nxf6 $17 gxf6 28. Bxa4 $4 { but even a
better move would not have saved the game}  ( 28. Bg6 $5 Rf8 29. Rd1 $19 )28...
Rh8 ( 28... Ba8 $142 { secures the win}  29. Qh3 Rd4 30. Rxd4 Qxd4 $19 )29. Qd3
Qxf4 $1 { Eliminates the defender f4}  30. Bxc6 ( 30. gxf4 Rhg8+ )30... Qd6 31.
Qxd6+ Kxd6 32. Bb7 Rb8 33. Bxa6 Rxb2 34. Rd1+ Ke7 35. Rc1 f5 36. Rc3 Kf6 37.
Kg2 Rd8 38. Rc8 $4 { White has lost his nerve... understandable when you
consider his position}  ( 38. Rf3 $19)38... Rdd2 39. g4 ( 39. Kg1 { a fruitless
try to alter the course of the game}  39... Rxf2 40. Bf1 Rxh2 $19 )39... Rb6 (
39... Rxf2+ $142 { secures victory}  40. Kg1 Rg2+ 41. Kh1 Rxh2+ 42. Kg1 fxg4
$19 )40. Bc4 Rd4 ( 40... fxg4 $142 { keeps an even firmer grip}  41. Kg3 $19
)41. Be2 $2 { Following moves unknown.}  ( 41. gxf5 Kxf5 42. Rc5+ Kf4 43. Rb5
Rxb5 44. Bxb5 $19 ) 0-1

[Event "SA Championship"]
[Site "Adelaide"]
[Date "2006.02.21"]
[Round "2.1"]
[White "Goldsmith, Alan D"]
[Black "Zaric, Srboljub"]
[Result "1-0"]
[Annotator "Fritz 9"]
[BlackElo "2129"]
[EventCountry "AUS"]
[EventDate "2006.02.14"]
[EventRounds "9"]
[EventType "tourn"]
[PlyCount "53"]
[WhiteElo "2059"]

{ B31: Sicilian: 2...Nc6 3 Bb5 g6 } 1. e4 c5 2. Nf3 Nc6 3. Bb5 g6 4. c3 Bg7 5.
O-O d5 6. Qa4 ( 6. e5 Bg4 7. Re1 e6 8. d3 Ne7 9. h3 Bxf3 10. Qxf3 O-O 11. Bxc6
Nxc6 12. Qg3 Rc8 13. Nd2 b5 14. Nf3 d4 15. c4 bxc4 16. dxc4 Nb4 17. Bg5 Qb6 18.
Re4 Rc7 19. Rh4 Rb8 20. Bf6 Nc2 { Scherbin,Y  ( 1599 ) -Kaphle,S  ( 1944 )
/Belfort 2005/CBM 107 ext/1-0}  )6... Qd6 7. d4 $146 ( 7. exd5 Qxd5 8. d4 ( 8.
c4 Qd6 9. Bxc6+ bxc6 10. Nc3 Nf6 11. d3 Bg4 12. Bf4 Qd8 13. Qxc6+ Nd7 14. Ne5
Rc8 15. Qa4 O-O 16. Nxg4 e5 17. Bh6 f5 18. Bxg7 Kxg7 19. Ne3 f4 20. Ned5 f3 21.
Ne3 e4 22. Nxe4 Ne5 { Cynolter Bognarne,E  ( 2165 ) -Horvath,C  ( 2485 )
/Aggtelek 1997/CBM 058 ext/1-0  ( 32 )}  )8... Bd7 9. Be3 ( 9. dxc5 Qxc5 10.
Be3 Qf5 11. Na3 a6 12. Rad1 Rc8 13. Bd3 Qg4 14. Qb3 Nd8 15. h3 Qh5 16. Be2 Nf6
17. Rfe1 Bc6 18. Ng5 Qh4 19. Rxd8+ Rxd8 20. Qxf7+ Kd7 21. Qe6+ Kc7 22. Qxe7+
Rd7 23. Qe5+ Kd8 { Kummle,T-Berger,T/Germany 1989/GER-chT2/1-0}  )9... cxd4 10.
cxd4 Nf6 11. Nc3 Qd6 12. Rad1 e6 13. d5 exd5 14. Bf4 Qc5 15. Rfe1+ Be6 16. b4
Qb6 17. Bd6 Kd8 18. Bc5 Qc7 19. Bc4 Kc8 20. Nxd5 Bxd5 21. Bxd5 Nxd5 { Wahls,M 
( 2460 ) -Rahman,Z/Adelaide 1988/TD/1-0}  )( 7. e5 Qc7 8. d4 Bd7 9. Bf4 e6 10.
dxc5 Nge7 11. Re1 h6 12. Na3 g5 13. Bg3 O-O-O 14. Bxc6 Nxc6 15. Nb5 Ne7 16. c6
Bxc6 17. Nxa7+ Kb8 18. Nxc6+ Nxc6 19. h3 Bf8 20. b4 Ne7 21. Nd4 Ng6 {
Zvorykina,K-Rubtsova,O/Moscow 1966/MCD/1-0  ( 49 )}  )7... cxd4 8. exd5 Qxd5 9.
cxd4 Bd7 10. Nc3 Qd6 11. d5 Ne5 $4 { further deteriorates the position}  (
11... Bxc3 $142 12. bxc3 Qxd5 $16 )12. Bf4 $18 f6 ( 12... Nxf3+ 13. gxf3 Bxb5
14. Nxb5 $18 ( 14. Qxb5+ $6 Qd7 $14 ))13. Rfe1 Rd8 ( 13... a6 14. Rad1 $18 )14.
Nd4 Kf7 ( 14... a6 { cannot undo what has already been done}  15. Bxd7+ Qxd7
16. Qb3 $18 )15. Bxe5 ( 15. Ne6 $5 $142 { seems even better}  15... Nh6 16.
Bxe5 fxe5 $18 )15... fxe5 16. Ne4 Qxd5 17. Ng5+ Kf6 18. Ndf3 $4 { White
threatens to win material: Nf3xe5. throwing away the advantage}  ( 18. Bxd7 $5
$142 Qxd7 19. Qb3 Kxg5 20. h4+ Kh5 21. Qf3+ Qg4 22. Qxg4+ Kxg4 23. Re4+ Kh5 24.
g4+ Kh6 25. g5+ Kh5 $18 )18... Bxb5 $2 ( 18... Qxb5 19. Qa3 Bc6 20. Rxe5 Rd3
$18 )19. Qh4 $16 Qc4 $4 { simply worsens the situation}  ( 19... h6 $142 20.
Rxe5 Qxe5 21. Nxe5 hxg5 $18 )20. Re4 $18 Qc2 ( 20... h6 { otherwise it's
curtains at once}  21. Rxc4 hxg5 22. Qxg5+ Kf7 $18 )21. Rxe5 ( 21. Qg3 $142 {
makes sure everything is clear}  21... Rd5 22. Rxe5 Rd1+ 23. Re1 Qf5 24. Raxd1
Bh6 $18 )21... Rd1+ 22. Rxd1 Qxd1+ 23. Re1 Qa4 ( 23... Qxe1+ { a last effort to
resist the inevitable}  24. Nxe1 e5 $18 )24. b4 e5 25. Nxe5 Bf8 ( 25... Qxb4 {
doesn't get the bull off the ice}  26. Qxb4 a5 27. Ne4+ Kxe5 28. Nf6+ Be2 29.
Rxe2+ Kf5 30. Qg4+ Kxf6 31. Qf4# )26. Qf4+ Kg7 ( 26... Ke7 { does not save the
day}  27. Nef7+ Kd7 28. Qd4+ Kc7 29. Ne6+ Kb8 30. Qd8# )27. Ne6#  1-0